Chemical engineering kinetics (Record no. 6589)

000 -LEADER
fixed length control field 00510nam a2200193 4500
001 - CONTROL NUMBER
control field 6589
003 - CONTROL NUMBER IDENTIFIER
control field BD-DhUET
008 - FIXED-LENGTH DATA ELEMENTS--GENERAL INFORMATION
fixed length control field 700825s1970 nyua b 001 0 eng
040 ## - CATALOGING SOURCE
Transcribing agency 0
Modifying agency BD-DhUET
Original cataloging agency DLC
082 00 - DEWEY DECIMAL CLASSIFICATION NUMBER
Classification number 541.39
Item number SMI/1970
100 ## - MAIN ENTRY--PERSONAL NAME
Personal name Smith, J. M.
245 10 - TITLE STATEMENT
Title Chemical engineering kinetics
250 ## - EDITION STATEMENT
Edition statement 2nd ed.
260 ## - PUBLICATION, DISTRIBUTION, ETC. (IMPRINT)
Place of publication, distribution, etc. New York
Name of publisher, distributor, etc. McGraw-Hill
Date of publication, distribution, etc. 1970
300 ## - PHYSICAL DESCRIPTION
Extent xviii, 612p.
Other physical details ill.
490 0# - SERIES STATEMENT
Series statement McGraw-Hill chemical engineering series
650 #0 - SUBJECT ADDED ENTRY--TOPICAL TERM
Topical term or geographic name as entry element Kinetics : Physical chemistry
942 ## - ADDED ENTRY ELEMENTS (KOHA)
Koha item type General Book
Holdings
Damaged status Koha date last seen Koha normalized classification for sorting Koha item type Copy number Not for loan Koha full call number Shelving location Date acquired Location (home branch) Withdrawn status Source of classification or shelving scheme Sublocation or collection (holding branch) Lost status Piece designation (barcode) Price effective from
 2014-12-04541_390000000000000_SMI_1970General Book1 541.39/SMI/1970Circulation section2014-12-04Central Library, BUET  Central Library, BUET 845762014-12-04
 2014-12-12541_390000000000000_SMI_1970General Book2 541.39/SMI/1970Circulation section2014-12-12Central Library, BUET  Central Library, BUET 298652014-12-12
 2014-12-12541_390000000000000_SMI_1970General Book3 541.39/SMI/1970Circulation section2014-12-12Central Library, BUET  Central Library, BUET 298672014-12-12
 2014-12-12541_390000000000000_SMI_1970General Book4 541.39/SMI/1970Circulation section2014-12-12Central Library, BUET  Central Library, BUET 298632014-12-12
 2015-03-11541_390000000000000_SMI_1970General Book5 541.39/SMI/1970Circulation section2015-03-11Central Library, BUET  Central Library, BUET 298712015-03-11
 2015-03-14541_390000000000000_SMI_1970General Book6 541.39/SMI/1970Circulation section2015-03-14Central Library, BUET  Central Library, BUET 298682015-03-14
 2015-03-14541_390000000000000_SMI_1970General Book7 541.39/SMI/1970Circulation section2015-03-14Central Library, BUET  Central Library, BUET 370452015-03-14
 2015-04-23541_390000000000000_SMI_1970General Book8 541.39/SMI/1970Circulation section2015-04-23Central Library, BUET  Central Library, BUET 298692015-04-23
 2015-04-23541_390000000000000_SMI_1970General Book9 541.39/SMI/1970Circulation section2015-04-23Central Library, BUET  Central Library, BUET 298592015-04-23
 2015-04-26541_390000000000000_SMI_1970General Book10 541.39/SMI/1970Circulation section2015-04-26Central Library, BUET  Central Library, BUET 298702015-04-26
 2015-04-26541_390000000000000_SMI_1970General Book11 541.39/SMI/1970Circulation section2015-04-26Central Library, BUET  Central Library, BUET 298612015-04-26
 2015-04-27541_390000000000000_SMI_1970General Book12 541.39/SMI/1970Circulation section2015-04-27Central Library, BUET  Central Library, BUET 259672015-04-27
 2015-04-27541_390000000000000_SMI_1970General Book13 541.39/SMI/1970Circulation section2015-04-27Central Library, BUET  Central Library, BUET 298602015-04-27
 2015-06-08541_390000000000000_SMI_1970Reading Item14 541.39/SMI/1970Reading section2015-06-08Central Library, BUET  Central Library, BUET 298622015-06-08
 2015-06-08541_390000000000000_SMI_1970Reading Item15 541.39/SMI/1970Reading section2015-06-08Central Library, BUET  Central Library, BUET 298662015-06-08
 2015-06-08541_390000000000000_SMI_1970Reading Item16 541.39/SMI/1970Reading section2015-06-08Central Library, BUET  Central Library, BUET 298722015-06-08
 2015-06-08541_390000000000000_SMI_1970Reading Item17 541.39/SMI/1970Reading section2015-06-08Central Library, BUET  Central Library, BUET 298642015-06-08